• 首页
  • 本馆介绍
  • 公告通知
  • 最新文献
  • 馆藏检索
  • 电子资源
  • 读者导购
  • 参考咨询
  • 我的图书馆
  • 登录
  • 详细信息显示
  • 放入我的书架
  • 预约/预借图书
  • 作者相关作品
  • 分类相关作品
  • 丛书相关作品
  • 出版社相关作品

书目信息

  • 表格格式
  • 工作单格式
  • 卡片格式
题名:
中国唢呐演奏与教学
    
 
作者: 张宁 著
分册:  
出版信息: 北京   中央音乐学院出版社  2005
页数: 302页
开本: 21cm
丛书名:
单 册:
中图分类: J632.14
科图分类:
主题词: 唢呐--吹奏法
电子资源:
ISBN: 7-81096-028-8
000 00832nam0 2200241 450
000 00988nam0 2200265 45
001 TS-192422
005 20070120104151.92
010    @a7-81096-028-8@dCNY26.00
100    @a20060829d2005 em y0chiy0110 ea
101 0  @achi
102    @aCN@b110000
105    @aa z 000yy
200 1  @a中国唢呐演奏与教学@Azhong guo suo na yan zou yu jiao xue@f张宁著@FZhang Ning Zhu
210    @a北京@c中央音乐学院出版社@d2005
215    @a302页@c图@d21cm
300    @a天津市高等学校人文社会科学研究项目
330    @a本书以历史上已被证明的科学原理为依据,重新论证了唢呐演奏中的呼吸法问题,总结了作者将其理论应用于唢呐吹奏及教学之中所获得的经验。
606 0  @a唢呐@x吹奏法
690    @aJ632.14@v4
701  0 @a张宁@Azhang ning@f(1961~)@4著
801  0 @aCN@b中图数据@c20070120
905    @a10447@dJ632.14@e55
    
    中国唢呐演奏与教学/张宁著.-北京:中央音乐学院出版社,2005
    302页:图;21cm
    天津市高等学校人文社会科学研究项目
    
    ISBN 7-81096-028-8:CNY26.00
    本书以历史上已被证明的科学原理为依据,重新论证了唢呐演奏中的呼吸法问题,总结了作者将其理论应用于唢呐吹奏及教学之中所获得的经验。
●
相关链接 在E读中查询图书 在五车中查询图书 在当当中查询图书 在豆瓣中查询图书


正题名:中国唢呐演奏与教学     索取号:J632.14/55         预约/预借

序号 登录号 条形码 馆藏地/架位号 状态 备注
1 0612059   206120598   第一样本阅览室/ [索取号:J632.14/55] 在馆    
2 0612060   206120605   第一借阅区/ [索取号:J632.14/55] 在馆    
3 0612061   206120614   第一借阅区/ [索取号:J632.14/55] 在馆    
4 0612062   206120623   第一借阅区/ [索取号:J632.14/55] 在馆    
5 0612063   206120632   第一借阅区/ [索取号:J632.14/55] 在馆    
唐山师范学院图书馆 欢迎您!
大连网信软件有限公司© 版权所有